Представление документа в формате RUSMARC

ПолеНазваниеЗначение
  Тип записи a
  Библиографический уровень m
001 Контрольный номер UONB/MAIN/ea4fd45ae923494aab48ef5b8f40f5dc
005 Дата корректировки 20260505150412.8
010 Индекс ISBN __
a ISBN 5-440-00051-8
d Цена 60 к.
9 Тираж 200000 экз.
100 Данные общей обработки __
a Данные общей обработки 20260505d1988 c y0rusy0189 ca
101 Язык документа 1_
a Язык текста rus
c Язык оригинала est
102 Страна публикации __
a Страна публикации RU
105 Кодированные данные (монография) __
a Кодированные данные (монография) a z 000yy
200 Заглавие и сведения об ответственности 1_
a Заглавие Мальчик и девочка
e Сведения, относящиеся к заглавию [для детей]
f Первые сведения об ответственности Х. Я. Янес
g Последующие сведения об ответственности перевела с эстонского И. Алеходжина
g Последующие сведения об ответственности рисунки Э. Тикерпяэ
203 Вид содержания и тип средства __
a Вид содержания Текст
b Характеристика содержания визуальный
c Тип средства непосредственный
210 Выходные данные 1_
a Место издания Таллин
c Издательство Валгус
d Дата издания 1988
215 Физическое описание __
a Объем 124, [3] с.
c Иллюстрации/тип воспроизводства ил., цв. ил.
d Формат 24 см
606 Тематические рубрики 0_
a Основная рубрика Подростки
x Основная подрубрика Здоровье и гигиена
606 Тематические рубрики 0_
a Основная рубрика Половое воспитание
610 Ключевые слова 0_
a Ключевые слова подростки; здоровье подростков; гигиена подростков; половое воспитание
675 Индекс УДК __
a Индекс УДК 613.99
686 Индексы других классификаций __
a Классификационный индекс 51.28
2 Код системы rubbk
700 Автор _1
a Фамилия Янес
b Имя (инициалы) Х. Я.
g Полное личное имя Харри Яанович
4 Код отношения 070
702 Вторичная интеллектуальная ответственность _1
a Фамилия Алеходжина
b Имя (инициалы) И.
4 Код отношения 730
702 Вторичная интеллектуальная ответственность _1
a Фамилия Тикерпяэ
b Имя (инициалы) Э.
4 Код отношения 040
801 Источник записи _0
a Страна RU
b Организация Ульяновская ОНБ
c Дата составления 20260505
g Правила каталогизации RCR
801 Источник записи _1
a Страна RU
b Организация Ульяновская ОНБ
c Дата составления 20260505
g Правила каталогизации RCR
901 Тип документа __
t Тип документа m
909 Создатель записи __
a Создатель записи Иличкина
b Дата создания записи 20260505